000
00399nam a22001217a 4500
003
SGT
082
_a
200
_b
B11U
100
_a
उपाध्याय, भारत सिंह
245
_a
बौद्धदर्शन तथा त्रप्रन्य भारतीय दर्शन
260
_b
बंगाल हिंदी मंडल
_c
2011
300
_a
711
942
_2
ddc
_c
BK
999
_c
31742
_d
31742